San Diego International Airport Destinations (San Diego, CA, USA) - Statistics

General Stats
  • This quiz has been taken 174 times
    100 since last reset
  • The average score is 62 of 86
Answer Stats
Airline Destination % Correct
Alaska Airlines/Frontier Airlines/Southwest Airlines/United Airlines San Francisco
93%
Alaska Airlines/United Airlines Washington (Dulles)
93%
Alaska Airlines Washington (National)
93%
Southwest Airlines Chicago (Midway)
92%
American Airlines/Frontier Airlines/United Airlines Chicago (O'Hare)
92%
Delta Air Lines/Sun Country Airlines Minneapolis/St. Paul
92%
Alaska Airlines/Delta Air Lines/JetBlue New York (JFK)
92%
American Airlines/Frontier Airlines/Southwest Airlines Phoenix (Sky Harbor)
92%
Alaska Airlines/Southwest Airlines Portland (OR)
92%
Alaska Airlines/Delta Air Lines Seattle/Tacoma
92%
Alaska Airlines/Delta Air Lines Atlanta
90%
American Airlines/Frontier Airlines Dallas/Fort Worth
90%
Southwest Airlines Dallas (Love)
90%
Hawaiian Airlines/Southwest Airlines Honolulu
90%
British Airways London (Heathrow)
90%
American Airlines Miami
90%
Air Canada/Porter Airlines Toronto (Pearson)
90%
Alaska Airlines/Delta Air Lines/JetBlue Boston
88%
Frontier Airlines/Southwest Airlines/United Airlines Denver
88%
Southwest Airlines Houston (Hobby)
88%
United Airlines Houston (Intercontinental)
88%
Alaska Airlines/Delta Connection/Frontier Airlines/Southwest Airlines/Spirit Airlines Las Vegas
88%
Delta Connection/United Express Los Angeles
88%
Japan Airlines Tokyo (Narita)
88%
Alaska Airlines/Southwest Airlines Orlando
86%
American Airlines Philadelphia
86%
Air Canada/Air Canada Express/WestJet Vancouver
86%
Alaska Airlines Anchorage
85%
Alaska Airlines/Frontier Airlines/Southwest Airlines Austin
85%
Delta Air Lines/Spirit Airlines Detroit
85%
Southwest Airlines Baltimore
83%
American Airlines Charlotte
83%
Air Canada Montreal (Trudeau)
83%
Southwest Airlines Nashville
83%
Alaska Airlines/United Airlines Newark
83%
KLM Amsterdam
81%
WestJet Calgary
81%
Breeze Airways Cincinnati
81%
Alaska Airlines/Southwest Airlines/Spirit Airlines San Jose (CA)
81%
Alaska Airlines/Southwest Airlines San José del Cabo
81%
Southwest Airlines Indianapolis
80%
Breeze Airways/Southwest Airlines Pittsburgh
80%
Alaska Airlines/Southwest Airlines Tampa
80%
Alaska Airlines/Delta Air Lines/Frontier Airlines/Southwest Airlines Salt Lake City
78%
Southwest Airlines San Antonio
78%
Southwest Airlines Milwaukee
76%
Southwest Airlines/Spirit Airlines Oakland
76%
Southwest Airlines Tucson
76%
Frontier Airlines/Southwest Airlines El Paso
75%
Breeze Airways Jacksonville (FL)
75%
Southwest Airlines Kansas City
75%
Southwest Airlines New Orleans
75%
Alaska Airlines/Southwest Airlines Sacramento
75%
Alaska Airlines/Southwest Airlines Boise
73%
Southwest Airlines Albuquerque
71%
Breeze Airways Raleigh/Durham
71%
Southwest Airlines St. Louis
71%
Southwest Airlines Columbus (Glenn)
69%
Alaska Airlines Spokane
68%
Alaska Airlines/JetBlue Fort Lauderdale
66%
Lufthansa Munich
66%
Alaska Airlines/Southwest Airlines Reno/Tahoe
66%
Alaska Airlines/Southwest Airlines Eugene
63%
Alaska Airlines/Southwest Airlines Fresno
63%
Southwest Airlines Colorado Springs
59%
Copa Airlines Panama City (Tocumen)
59%
Alaska Airlines Kahului
53%
Alaska Airlines Lihue
51%
Alaska Airlines Monterey
51%
Allegiant Air Des Moines
49%
Alaska Airlines Redmond/Bend
46%
Alaska Airlines Bozeman
44%
Alaska Airlines Puerto Vallarta
42%
Alaska Airlines/Allegiant Air Medford
41%
Breeze Airways Norfolk
41%
Alaska Airlines Santa Rosa
41%
Alaska Airlines Eagle/Vail
39%
Allegiant Air Provo
39%
Alaska Airlines Jackson Hole
37%
Alaska Airlines Missoula
37%
Alaska Airlines Glacier Park/Kalispell
36%
Allegiant Air Bellingham
32%
Alaska Airlines Kailua-Kona
32%
Alaska Airlines Everett
29%
Alaska Airlines San Luis Obispo
29%
Alaska Airlines Hayden/Steamboat Springs
27%
No matching quizzes found
Score Distribution
Percent of People with Each Score
Percentile by Number Answered
Your Score History
You have not taken this quiz since the last reset